01029 2200193 4500001002100000005001500021035002000036245006400056100001600120250001700136300003200153700001700185260003100202082000800233084001400241020002200255650001700277520054100294INLIS00000000000001220240318042541 a0010-03240000121 aAllah Mencipta, Manusia Meniru /cNurul Ikoma, Fadila Hanum0 aNurul Ikoma acetakan ke-1 avi, 90 hlm :bilus ;c24 cm0 aFadila Hanum aSolo :bTiga Ananda,c2018 a813 a813 NUR a a978-602-366-459-7 4aReligi Islam aMasya Allah! Betapa mengagumkannya ciptaan Allah SWT. Semua diciptakan dengan keunikan masing-masing. Keunikan ciptaan Allah SWT ini menginspirasi manusia untuk membuat berbagai benda dan kreasi yang membantu kehidupan kita, lho. Misalnya saja sepatu gunung yang terinspirasi oleh bentuk kaki kambing gunung yang mampu mendaki tebing-tebing curam. Ada juga robot kepiting yang diciptakan meniru gerak kaki kepiting saat berjalan. Apa lagi, ya. kreasi manusia yang terinspirasi oleh ciptaan Allah SWT? Ayo, cari tahu bersama di buku ini.